00514nam a2200193 a 4500001001300000003000900013005001700022008004100039020001000080082001800090100002300108245004900131260004100180300001000221500003500231505001000266650002100276700002300297nice12345678IN_TiNIC20260116012555.0050524s1988 dela grp 000 0 eng  ac25000a297.0954bEWI aEwing, Katherine P aShari`at and Ambiguity in South Asian Islam. aDelhibOxford University Pressc1988 a321p. aincludes index and biblioraphy2 aIndex aIslam-South Asia1 aEwing, Katherine P